|
|
|
|
| LEADER |
02949nam a22005055i 4500 |
| 001 |
978-3-540-92151-6 |
| 003 |
DE-He213 |
| 005 |
20151204155530.0 |
| 007 |
cr nn 008mamaa |
| 008 |
100301s2009 gw | s |||| 0|eng d |
| 020 |
|
|
|a 9783540921516
|9 978-3-540-92151-6
|
| 024 |
7 |
|
|a 10.1007/978-3-540-92151-6
|2 doi
|
| 040 |
|
|
|d GrThAP
|
| 050 |
|
4 |
|a TA329-348
|
| 050 |
|
4 |
|a TA640-643
|
| 072 |
|
7 |
|a TBJ
|2 bicssc
|
| 072 |
|
7 |
|a MAT003000
|2 bisacsh
|
| 082 |
0 |
4 |
|a 519
|2 23
|
| 245 |
1 |
0 |
|a Differential Evolution: A Handbook for Global Permutation-Based Combinatorial Optimization
|h [electronic resource] /
|c edited by Godfrey C. Onwubolu, Donald Davendra.
|
| 264 |
|
1 |
|a Berlin, Heidelberg :
|b Springer Berlin Heidelberg,
|c 2009.
|
| 300 |
|
|
|a XVIII, 214 p. 105 illus.
|b online resource.
|
| 336 |
|
|
|a text
|b txt
|2 rdacontent
|
| 337 |
|
|
|a computer
|b c
|2 rdamedia
|
| 338 |
|
|
|a online resource
|b cr
|2 rdacarrier
|
| 347 |
|
|
|a text file
|b PDF
|2 rda
|
| 490 |
1 |
|
|a Studies in Computational Intelligence,
|x 1860-949X ;
|v 175
|
| 505 |
0 |
|
|a Motivation for Differential Evolution for Permutative—Based Combinatorial Problems -- Differential Evolution for Permutation—Based Combinatorial Problems -- Forward Backward Transformation -- Relative Position Indexing Approach -- Smallest Position Value Approach -- Discrete/Binary Approach -- Discrete Set Handling.
|
| 520 |
|
|
|a This is the first book devoted entirely to Differential Evolution (DE) for global permutative-based combinatorial optimization. Since its original development, DE has mainly been applied to solving problems characterized by continuous parameters. This means that only a subset of real-world problems could be solved by the original, classical DE algorithm. This book presents in detail the various permutative-based combinatorial DE formulations by their initiators in an easy-to-follow manner, through extensive illustrations and computer code. It is a valuable resource for professionals and students interested in DE in order to have full potentials of DE at their disposal as a proven optimizer. All source programs in C and Mathematica programming languages are downloadable from the website of Springer.
|
| 650 |
|
0 |
|a Engineering.
|
| 650 |
|
0 |
|a Artificial intelligence.
|
| 650 |
|
0 |
|a Applied mathematics.
|
| 650 |
|
0 |
|a Engineering mathematics.
|
| 650 |
1 |
4 |
|a Engineering.
|
| 650 |
2 |
4 |
|a Appl.Mathematics/Computational Methods of Engineering.
|
| 650 |
2 |
4 |
|a Artificial Intelligence (incl. Robotics).
|
| 650 |
2 |
4 |
|a Applications of Mathematics.
|
| 700 |
1 |
|
|a Onwubolu, Godfrey C.
|e editor.
|
| 700 |
1 |
|
|a Davendra, Donald.
|e editor.
|
| 710 |
2 |
|
|a SpringerLink (Online service)
|
| 773 |
0 |
|
|t Springer eBooks
|
| 776 |
0 |
8 |
|i Printed edition:
|z 9783540921509
|
| 830 |
|
0 |
|a Studies in Computational Intelligence,
|x 1860-949X ;
|v 175
|
| 856 |
4 |
0 |
|u http://dx.doi.org/10.1007/978-3-540-92151-6
|z Full Text via HEAL-Link
|
| 912 |
|
|
|a ZDB-2-ENG
|
| 950 |
|
|
|a Engineering (Springer-11647)
|